Statistics for Biggest Cities in Puerto Rico Quiz

Click here to take the quiz!

General Stats

  • This quiz has been taken 13 times
  • The average score is 5 of 8

Answer Stats

PopulationCity% Correct
418,140San Juan
100%
203,499Bayamon
71%
152,634Ponce
71%
86,804Caguas
57%
170,404Carolina
57%
81,260Guaynabo
57%
78,647Mayaguez
57%
54,189Trujillo Alto
29%

Score Distribution

Percentile by Number Answered

Percent of People with Each Score

Your Score History

You have not taken this quiz